000 00308nam a22001337a 4500
008 170526b xxu||||| |||| 00| 0 eng d
020 _a9780135688908
041 _aeng
080 _a621
100 _a27
101 _aIM
245 _aTHE BOOK OBJECT ORIENTED KNOWLEDGE
_cSELLERS.B.H
942 _2udc
_cBK
999 _c14579
_d14579